000 00706nam a2200217 a 4500
005 20240427063653.0
008 040216s2000 mx r 000 0 spa d
020 _a9682322324
035 _aUPN01000131874
049 _aCG
050 4 _aHB615
_bC4.6
100 1 _aCerutti, Mario
_938107
245 1 0 _aPropietarios, empresarios y empresa en el Norte de México :
_bMonterrey, de 1848 a la globalización /
_cMario Cerutti.
260 _aMéxico :
_bSiglo XXI,
_c2000.
300 _a262 p.
440 0 _aSociología y política
650 2 _aEmpresario
_920780
651 4 _aMéxico
_xIndustrias
_96647
651 4 _aMONTERREY, NUEVO LEON -
_xCONDICIONES ECONOMICAS -
_ySIGLO XIX
_92463
905 _aLibro
999 _c104029
_d104029